Fatal thirst (Record no. 29696)
[ view plain ]
| 000 -LEADER | |
|---|---|
| fixed length control field | 02041nam a2200361 a 4500 |
| 082 04 - DEWEY DECIMAL CLASSIFICATION NUMBER | |
| Classification number | 362.196/46200941 |
| 100 1# - MAIN ENTRY--AUTHOR NAME | |
| Personal name | Furdell, Elizabeth Lane. |
| 245 10 - TITLE STATEMENT | |
| Title | Fatal thirst |
| 260 ## - PUBLICATION, DISTRIBUTION, ETC. (IMPRINT) | |
| Place of publication | Leiden ; |
| -- | Boston : |
| Name of publisher | Brill, |
| Year of publication | 2009. |
| 300 ## - PHYSICAL DESCRIPTION | |
| Number of Pages | xii, 194 p. |
| 490 1# - SERIES STATEMENT | |
| Series statement | History of science and medicine library, |
| 505 0# - FORMATTED CONTENTS NOTE | |
| Formatted contents note | Introduction : the "biography" of a disease and its sufferers -- The early history of diabetes from classical times to the Renaissance : diagnoses and descriptions -- Renaissance diabetics and their doctors : changing treatments for revolutionary times -- Early modern medicine in print and diabetes : published advice and imagery -- Diabetes and seventeenth-century medical controversy -- Reconstructing diabetic life in early modern England -- Diabetic specialists and their patients in the long nineteenth century : competition for a cure -- After insulin : the lingering effects of an incurable disease. |
| 650 #0 - SUBJECT ADDED ENTRY--TOPICAL TERM | |
| Topical Term | Diabetes |
| 856 40 - ELECTRONIC LOCATION AND ACCESS | |
| Uniform Resource Identifier | http://site.ebrary.com/lib/rucke/Doc?id=10349138 |
No items available.
